|
|
|
|
| LEADER |
00000nam0a2200000 4500 |
| 001 |
95675 |
| 005 |
20231031110235.0 |
| 020 |
|
|
|a RU
|b 86-23285
|
| 035 |
|
|
|a (RuTPU)RU\TPU\book\102438
|
| 090 |
|
|
|a 95675
|
| 100 |
|
|
|a 20060503d1986 k a0rusy5003 ca
|
| 101 |
0 |
|
|a rus
|
| 102 |
|
|
|a RU
|
| 105 |
|
|
|a a z 001zy
|
| 200 |
1 |
|
|a Ситуационное управление
|e теория и практика
|f Д. А. Поспелов
|
| 210 |
|
|
|a Москва
|c Наука
|d 1986
|
| 215 |
|
|
|a 284 с.
|c ил.
|d 23 см
|
| 225 |
1 |
|
|a Проблемы искусственного интеллекта
|
| 320 |
|
|
|a Библиогр.: с. 270-278
|
| 320 |
|
|
|a Указ. имен., предм.: с. 279-284
|
| 610 |
1 |
|
|a сложные системы
|
| 610 |
1 |
|
|a искусственный интеллект
|
| 610 |
1 |
|
|a управление
|
| 675 |
|
|
|a 681.51
|z rus
|
| 700 |
|
1 |
|a Поспелов
|b Д. А.
|g Дмитрий Александрович
|4 070
|
| 801 |
|
0 |
|a RU
|b RuMRKP
|c 19950704
|g psbo
|
| 801 |
|
1 |
|a RU
|b 63413507
|c 20060503
|g PSBO
|
| 801 |
|
2 |
|a RU
|b 63413507
|c 20060731
|g PSBO
|
| 942 |
|
|
|c BK
|